书目信息 |
| 题名: |
报刊的四种理论
|
|
| 作者: | 斯拉姆 , 韦尔伯·斯拉姆 著 ;中国人民大学新闻系 译 | |
| 分册: | ||
| 出版信息: | 北京 新华出版社 1980 |
|
| 页数: | 182页 | |
| 开本: | 19cm | |
| 丛书名: | ||
| 单 册: | ||
| 中图分类: | G210 , G21 | |
| 科图分类: | ||
| 主题词: | 报刊--理论 , 新闻学 , 新闻工作 | |
| 电子资源: | ||
| ISBN: | ||
| 000 | 00855nam0 2200301 45 | |
| 001 | 0180002325 | |
| 005 | 20040427083610.0 | |
| 010 | @dCNY0.50 | |
| 091 | @a7203.004 | |
| 100 | @a19950621d1980 em y0chiy0121 ea | |
| 101 | 1 | @achi@ceng |
| 102 | @aCN@b110000 | |
| 105 | @ay z 000yy | |
| 106 | @ar | |
| 200 | 10 | @a报刊的四种理论@Abao kan de si zhong li lun@f(美)韦尔伯·斯拉姆著@F(Mei)Wei Er Bo·Si La Mu Zhu@g中国人民大学新闻系译 |
| 210 | @a北京@c新华出版社@d1980 | |
| 215 | @a182页@d19cm | |
| 606 | @a报刊@x理论 | |
| 606 | 0 | @a新闻学 |
| 606 | 0 | @a新闻工作 |
| 690 | @aG210@v3 | |
| 690 | @aG21 | |
| 701 | 1 | @a斯拉姆@Asi la mu@4著 |
| 701 | 0 | @a韦尔伯·斯拉姆@4著 |
| 712 | 02 | @a中国人民大学新闻系@Azhong guo ren min da xue xin wen xi@4译 |
| 801 | 0 | @aCN@b上海图书馆@c20040427 |
| 801 | 2 | @aCN@bNLC@c20040427 |
| 905 | @f1@b61940@dG21@e3 | |
| 报刊的四种理论/(美)韦尔伯·斯拉姆著/中国人民大学新闻系译.-北京:新华出版社,1980 |
| 182页;19cm |
| ISBN :CNY0.50 |
| ● |
| 相关链接 |
|
|
|
|
正题名:报刊的四种理论
索取号:G21/3
 
预约/预借
| 序号 | 登录号 | 条形码 | 馆藏地/架位号 | 状态 | 备注 |
| 1 | 0041869 | 000493451 | 第一样本阅览室/ [索取号:G21/3] | 在馆 | |
| 2 | 0061939 | 001771960 | 密集书库/ [索取号:G21/3] | 在馆 | |
| 3 | 0061940 | 000494405 | 密集书库/ [索取号:G21/3] | 在馆 |